Essentials Of Microeconomics (Record no. 41609)

MARC details
000 -LEADER
fixed length control field 00300nam a2200121Ia 4500
008 - FIXED-LENGTH DATA ELEMENTS--GENERAL INFORMATION
fixed length control field 241015s9999 xx 000 0 und d
041 ## - LANGUAGE CODE
Language code of text/sound track or separate title eng
082 ## - DEWEY DECIMAL CLASSIFICATION NUMBER
Classification number 338.5 BEN
100 ## - MAIN ENTRY--PERSONAL NAME
Personal name Luis Bender
245 ## - TITLE STATEMENT
Title Essentials Of Microeconomics
260 ## - PUBLICATION, DISTRIBUTION, ETC.
Name of publisher, distributor, etc. Willford Press
Place of publication, distribution, etc. USA
Date of publication, distribution, etc. 2020
300 ## - PHYSICAL DESCRIPTION
Extent 229;. P. 24 cm

No items available.

Designed & Maintained by: LRC IMT Nagpur Contact: lrc@imtnag.ac.in© 2024. All Rights Reserved.